Vplyv deformácie na koróznu odolnosť zliatin na báze Zn

Salvato in:
Dettagli Bibliografici
Autore principale: Pódová, Silvia (Autore)
Altri autori: Gogola, Peter (Relatore della tesi)
Natura: Manoscritto Libro
Lingua:slovacco
Pubblicazione: 2022
Soggetti:
Accesso online:http://is.stuba.sk/zp/portal_zp.pl?podrobnosti=164370
Tags: Aggiungi Tag
Nessun Tag, puoi essere il primo ad aggiungerne!!

MARC

LEADER 00000ntm a22000003a 4500
001 stuzp89684
003 SK-STU
005 20220611212735.1
007 ta
008 150427s2015----xo-----f-mn---000-0-slo-d
040 |a STU  |b slo 
041 0 |a slo 
100 1 |a Pódová, Silvia  |u 061000  |k Z4  |4 aut  |U MTF Materiálovotechnologická fakulta  |T MTF Ústav materiálov  |X 38743  |U M1000  |Y 81  |7 38743 
242 0 1 |a Influence of deformation on the corrosion resistance of Zn-based alloys  |y eng 
245 1 0 |a Vplyv deformácie na koróznu odolnosť zliatin na báze Zn 
260 |c 2022 
650 4 |a Zinok  |2 slo 
650 4 |a MagiZinc  |2 slo 
650 4 |a korózia  |2 slo 
650 4 |a test soľnou hmlou  |2 slo 
650 4 |a Zinc  |2 eng 
650 4 |a MagiZinc  |2 eng 
650 4 |a corrosion  |2 eng 
650 4 |a neutral salt spray test  |2 eng 
700 1 |a Gogola, Peter  |u 061000  |k Z2  |4 ths  |U MTF Materiálovotechnologická fakulta  |T MTF Ústav materiálov  |X 27985  |U M1000  |Y 81  |7 A000027985 
856 4 |u http://is.stuba.sk/zp/portal_zp.pl?podrobnosti=164370 
996 |c M* DP-15005  |l MMSKP  |s P  |a 0  |w stuzp89684_0001